| 000 | 00474nam a2200181Ia 4500 | ||
|---|---|---|---|
| 003 | OSt | ||
| 005 | 20230509135252.0 | ||
| 008 | 210423s1983 xx 000 0 und d | ||
| 040 | _cAL | ||
| 041 | _aeng | ||
| 082 |
_a361.6 _223 _bRYCW |
||
| 100 |
_aRYCKMANS (Ellie). _9100842 |
||
| 245 | _aWorking with disabled people. | ||
| 260 |
_aBombay _bBatsford Academic & Educational Limited _c1983 |
||
| 365 | _cINR | ||
| 906 | _adisabled ; people. ; Working | ||
| 942 |
_2ddc _cBK |
||
| 999 |
_c171602 _d171602 |
||